Normal view MARC view

Entry Personal Name

Number of records used in: 1

001 - CONTROL NUMBER

  • control field: 521365

003 - CONTROL NUMBER IDENTIFIER

  • control field: OSt

005 - DATE AND TIME OF LATEST TRANSACTION

  • control field: 20220930062519.0

008 - FIXED-LENGTH DATA ELEMENTS

  • fixed length control field: 220930|| aca||aabn | a|a d

040 ## - CATALOGING SOURCE

  • Original cataloging agency: OSt
  • Transcribing agency: OSt

100 ## - HEADING--PERSONAL NAME

  • Personal name: Nayyar Vijay Laxmi

670 ## - SOURCE DATA FOUND

  • Source citation: Work cat.: (OSt)855630: Nayyar Vijay Laxmi, Ultrastructural and compositional changes in the cotyledons of pigeon pea (Cajanus Cajan) during seed development and germination, 1977
Copyright @ Delhi University Library System